All FnF (Friday Night Funkin') Characters - Statistics

General Stats
  • This quiz has been taken 2,527 times
    992 since last reset
  • The average score is 19 of 48
Answer Stats
Character Description/Week/Mod Name Character Name % Correct
Tutorial Girlfriend
94%
Main Character Boyfriend
93%
Week 3 Pico
85%
Week 1 Daddy Dearest
83%
Week 2 Skid and Pump
79%
Week 4 Mommy Mearest
77%
Week 7 Tankman
73%
A Bomb Whitty
73%
Week 6 Senpai
69%
A Caracter from Scooby-Doo Shaggy
68%
Basket Robot Hex
64%
Mid Fight Masses Sarvente/Ruv/Selever
64%
Wii Funkin Matt
63%
Bfs Fan-Girl Sky
63%
A Character from Madness Combat Tricky
59%
Smoke Em Out Struggle Garcello
57%
Cat on a DDR Pad Kapi
49%
Floating Goat Skull Tabi
49%
Eddsworld (not from fnf but has his own fnf mod) Tord
48%
Among Us Imposter
45%
Golf Girl Carol
44%
Bad Drawn Guy Bob
42%
Two Guys on yellow shirts Bob/Bosip
42%
A Vocaloid Miku
38%
Roblox lol Noob
37%
Girl with a robot inside QT
33%
Kind of a Venom Agoti
32%
Atsuover Annie
30%
Starlight Mayhem CJ/Ruby
28%
Yellow Bad Drawn Guy Ron
28%
Wii deleted you Eteled
27%
Basically a Cloud UpDike
27%
Green Bear Flippy
24%
Paper Sketchy
21%
Boyfriends bigger brother Big Brother
20%
Friday Night Fever Fever/Tea
18%
Space Boy Kou
14%
Week 5 Parents
13%
A DJ? Camellia
9%
One of the Ghost Twins Marie/Tanner
9%
Apple Pie PomPom
9%
Gaming Wolf Loki
8%
Technology girl Taeyai
8%
Minecraft player Aflac
7%
Ball Rock Cheeky
7%
Bussines Robot Anders
5%
Girl on a Train FL Chan
5%
Cosmo Starlight Yukichi
4%
No matching quizzes found
Score Distribution
Percent of People with Each Score
Percentile by Number Answered
Your Score History
You have not taken this quiz since the last reset